000
00305nam a2200133Ia 4500
100
_a
Nakra/ C.P/ Aggarwal/ D.k.
942
_c
BK
654
_a
engineering
245
_a
Basic automobile engineering
260
_b
Dhanpat Rai & Sons
_a
Delhi
_c
1979
082
_a
629.2
300
_a
421
546
_a
ENGLISH
999
_c
27396
_d
27396